00597nam a2200181Ia 4500008004100000020002200041082001200063100001600075245006700091250000700158260005300165300001500218600003300233650001500266942000800281952010900289999001700398241115s9999 xx 000 0 und d a978-969-494-671-9 a425 MAR aWren, P. C. 0aHigh School English Grammar and Composition Martin, Wren P. C. aNA aKarachi:bParamount Publishing Enterprise,c2010 aviii,418p. aHumanities & Natural Science aLiterature cBBD 001040708BB-HUMaUITUbUITUd2011-09-28eFBCg143.50l0pBB2115r2024-11-15 09:47:46w0000-00-00yBBD c26608d26608